| 000 -LEADER |
| fixed length control field |
00602nam a2200205Ia 4500 |
| 020 ## - INTERNATIONAL STANDARD BOOK NUMBER |
| ISBN |
974934121X |
| 020 ## - INTERNATIONAL STANDARD BOOK NUMBER |
| ISBN |
9789749341216 |
| 040 ## - CATALOGING SOURCE |
| Transcribing agency |
CUY |
| 082 ## - DEWEY DECIMAL CLASSIFICATION NUMBER |
| Classification number |
725 KEY 2006 A086 Or. |
| 100 1# - MAIN ENTRY--AUTHOR NAME |
| Personal name |
Grant Ross, Helen |
| 245 10 - TITLE STATEMENT |
| Title |
Building Cambodia : |
| Remainder of title |
new Khmer architecture, 1953-1970 / |
| 260 ## - PUBLICATION, DISTRIBUTION, ETC. (IMPRINT) |
| Place of publication |
Bangkok : |
| Name of publisher |
Key Publishers, |
| Year of publication |
c2006 |
| 300 ## - PHYSICAL DESCRIPTION |
| Number of Pages |
xxv, 333 p. : |
| Other physical details |
ill. (some col.), maps, plans ; |
| Dimensions |
19 x 29 cm |
| 500 ## - GENERAL NOTE |
| General note |
"Supported by the Toyota Foundation." |
| 650 #0 - SUBJECT ADDED ENTRY--TOPICAL TERM |
| Topical Term |
Architecture, Khmer |
| 650 #0 - SUBJECT ADDED ENTRY--TOPICAL TERM |
| Topical Term |
Architecture |
| 700 1# - ADDED ENTRY--PERSONAL NAME |
| Personal name |
Collins, Darryl |
| 710 2# - ADDED ENTRY--CORPORATE NAME |
| Corporate name or jurisdiction name as entry element |
Toyota Zaidan |
| 942 ## - ADDED ENTRY ELEMENTS (KOHA) |
| Koha item type |
សៀវភៅភាសាអង់គ្លេស |
| 952 ## - LOCATION AND ITEM INFORMATION (KOHA) |
| Withdrawn status [LOCAL, KOHA] |
0 |
| 952 ## - LOCATION AND ITEM INFORMATION (KOHA) |
| Withdrawn status [LOCAL, KOHA] |
0 |